000 00669nam a22001817a 4500
003 UA-OsUOA
001 18630
007 ta
008 20040526b un ||||| |||| 00| 0 ukr d
100 _aЧух І.
942 _cSA
040 _aUA-OsUOA
_cUA-OsUOA
_dUA-OsUOA
245 _aМайбутній банкір мріяв про кар'єру вчителя географії
_b[Розмова з головою Рівнен. обл. упр. Нацбанку І.Чухом]/розмовляла О.Полянська
300 _aС.2
955 _a0
773 0 _w0
_tОго
_dРівне
_d2004
_g№53/20 трав./
650 7 _aКраєзнавча робота
_2UDC
999 _c304801
_d304801